[Event "Open Aubagne 2022/2023"]
[Site "Aubagne"]
[Date "2022.10.08"]
[Round "4.2"]
[White "Battaglia, Gerard"]
[Black "Richard, Anthony"]
[Result "0-1"]
[WhiteElo "1664"]
[BlackElo "1400"]
[PlyCount "100"]
[WhiteTeam "Echiquier Marseillais 1872"]
[BlackTeam "L'Echiquier du Roy René"]

1. d4 Nf6 2. c4 g6 3. Nc3 d5 4. Bg5 Ne4 5. cxd5 Nxg5 6. h4 Ne4 7. Nxe4 Qxd5 8.
Nc3 Qa5 9. e3 Bg7 10. Be2 c5 11. Nf3 Nc6 12. Qd2 cxd4 13. exd4 O-O 14. Rd1 Rd8
15. Nb5 Qxa2 16. Qc1 Qa5+ 17. Kf1 a6 18. Na3 Be6 19. Nc4 Bxc4 20. Bxc4 Nxd4 21.
Rh3 Rac8 22. Nxd4 Bxd4 23. Rf3 e6 24. Qf4 Qf5 25. Qd2 Qc5 26. Bb3 Bf6 27. Qe2
Rxd1+ 28. Qxd1 Bxb2 29. Qd7 Qb5+ 30. Qxb5 axb5 31. Bd1 b4 32. Rd3 Rc7 33. Ke2
Kf8 34. Rd8+ Ke7 35. Rb8 h5 36. Kf1 Bd4 37. Ba4 Kf6 38. Rd8 Rc1+ 39. Ke2 Bc5
40. Rd7 b6 41. Bd1 Ra1 42. Rd2 g5 43. hxg5+ Kxg5 44. Bc2 Ra2 45. Kd1 b3 46.
Bxb3 Rxd2+ 47. Kxd2 Bxf2 48. Ke2 Bc5 49. Kf3 b5 50. Ba2 Bb4 0-1

[Event "Open Aubagne 2022/2023"]
[Site "Aubagne"]
[Date "2023.01.07"]
[Round "4.3"]
[White "Gamblin, Vincent"]
[Black "Cescon, Moreno"]
[Result "0-1"]
[WhiteElo "1441"]
[BlackElo "1621"]
[PlyCount "35"]
[WhiteTeam "L'Echiquier du Roy René"]
[BlackTeam "Club d'Echecs Pennois (CEP)"]

1. e4 e5 2. Nf3 d6 3. d4 exd4 4. Nxd4 Nf6 5. Nc3 Be7 6. Bf4 O-O 7. Be2 a6 8.
Qd2 b5 9. Bf3 Bb7 10. Nf5 Re8 11. Nxg7 Kxg7 12. Bh6+ Kh8 13. O-O-O Nbd7 14. g4
Ne5 15. Bg2 Nfxg4 16. Bf4 Ng6 17. Nd5 Bxd5 18. exd5 0-1

[Event "Open Aubagne 2022/2023"]
[Site "Aubagne"]
[Date "2023.01.07"]
[Round "4.4"]
[White "Touaoula, Rachid"]
[Black "Ghazarian, David"]
[Result "0-1"]
[WhiteElo "1310"]
[BlackElo "1575"]
[PlyCount "55"]
[WhiteTeam "Echiquier Marseillais 1872"]
[BlackTeam "Cercle d'Echecs Aubagnais"]

1. c4 Nf6 2. Nc3 b6 3. Nf3 Bb7 4. e3 e6 5. b3 Be7 6. Be2 O-O 7. O-O c5 8. Bb2
Na6 9. Nb5 Nc7 10. Nxc7 Qxc7 11. d4 Rfd8 12. dxc5 Bxc5 13. Bxf6 gxf6 14. Qc2
Kh8 15. Rad1 Rg8 16. Qd2 Rad8 17. Kh1 Qe5 18. Rg1 Qf5 19. Bd3 Qxf3 20. gxf3
Bxf3+ 21. Rg2 Rxg2 22. Be2 Rxf2+ 23. Kg1 Rxe2 24. Qc3 Rg8+ 25. Kf1 e5 26. Rd3
Rgg2 27. b4 Rxh2 28. Kg1 0-1

[Event "Open Aubagne 2022/2023"]
[Site "Aubagne"]
[Date "2023.01.07"]
[Round "4.5"]
[White "Espanet, Fabien"]
[Black "Madi, Mohammed"]
[Result "1/2-1/2"]
[WhiteElo "1509"]
[BlackElo "1338"]
[PlyCount "98"]
[WhiteTeam "Cercle d'Echecs Aubagnais"]
[BlackTeam "Cercle d'Echecs Aubagnais"]

1. e4 c5 2. Nf3 d6 3. d4 cxd4 4. Nxd4 Nf6 5. Nc3 a6 6. Be3 e5 7. Nb3 Be6 8. f3
Be7 9. Qd2 O-O 10. O-O-O Nbd7 11. g4 b5 12. g5 Nh5 13. Nd5 Bxd5 14. exd5 f6 15.
gxf6 Bxf6 16. Na5 Qe8 17. Nc6 Bd8 18. Nxd8 Qxd8 19. Be2 Rb8 20. Rhg1 Nf4 21.
Rg4 Nf6 22. Rg3 N6xd5 23. Rdg1 Rb7 24. Bf2 a5 25. Bf1 Rff7 26. a4 Rbc7 27. Bxb5
Nb4 28. c3 Qc8 29. Kb1 Nbd5 30. Rc1 Rf6 31. Rg4 Rh6 32. Bg3 Qf5+ 33. Ka1 Qe6
34. c4 Nb4 35. Bxf4 exf4 36. Rxf4 Re7 37. Re4 Qf6 38. Rxe7 Qxe7 39. c5 dxc5 40.
Qf4 Rd6 41. Bc4+ Kh8 42. Qf5 Rd7 43. Bb3 Rc7 44. Qf4 Nd3 45. Qc4 Qd8 46. Rd1
Rd7 47. Bc2 Nb4 48. Rxd7 Nxc2+ 49. Qxc2 Qxd7 1/2-1/2

[Event "Open Aubagne 2022/2023"]
[Site "Aubagne"]
[Date "2023.01.07"]
[Round "4.6"]
[White "Mouhieddine, Hocine"]
[Black "Maggio, Lucas"]
[Result "1-0"]
[WhiteElo "1607"]
[BlackElo "1247"]
[PlyCount "105"]
[WhiteTeam "Echiquier Marseillais 1872"]
[BlackTeam "Cercle d'Echecs Aubagnais"]

1. d4 Nf6 2. Bf4 c6 3. c3 Qb6 4. Qc1 d6 5. Nd2 Nbd7 6. Ngf3 Nh5 7. Bg3 Nxg3 8.
hxg3 g6 9. e4 Bg7 10. Nc4 Qc7 11. Qf4 e5 12. dxe5 dxe5 13. Qh4 b5 14. Ne3 Nb6
15. O-O-O Be6 16. b3 Qe7 17. Qxe7+ Kxe7 18. Ng5 h6 19. Nxe6 Kxe6 20. Be2 h5 21.
Nc2 a5 22. g4 hxg4 23. Bxg4+ Ke7 24. Rh3 Rxh3 25. Bxh3 Bh6+ 26. Kb1 Rd8 27.
Rxd8 Kxd8 28. Ne1 Kc7 29. Kc2 Kd6 30. Kd3 c5 31. c4 b4 32. g3 Nd7 33. Bxd7 Kxd7
34. Ng2 Ke6 35. f4 exf4 36. gxf4 f5 37. exf5+ gxf5 38. Ke3 Bg7 39. Kf3 Kf6 40.
Kg3 Kg6 41. Ne1 Bf6 42. Nd3 Bd4 43. Kh4 Bf6+ 44. Kg3 Bd4 45. Ne1 Kh6 46. Nf3
Kh5 47. Nxd4 cxd4 48. Kf3 Kg6 49. Ke2 Kf6 50. Kd3 Ke6 51. Kxd4 Kd6 52. c5+ Ke6
53. Kc4 1-0

[Event "Open Aubagne 2022/2023"]
[Site "Aubagne"]
[Date "2023.01.07"]
[Round "4.7"]
[White "Madi, Chahinez"]
[Black "Periale, Albert"]
[Result "1-0"]
[WhiteElo "1488"]
[BlackElo "1212"]
[PlyCount "75"]
[WhiteTeam "Cercle d'Echecs Aubagnais"]
[BlackTeam "Cercle d'Echecs Aubagnais"]

1. d4 d5 2. Nf3 e6 3. Bf4 Bd6 4. Bg3 Bxg3 5. hxg3 Nc6 6. e3 a6 7. Bd3 Nf6 8.
Nc3 Bd7 9. a3 h6 10. Qd2 Qe7 11. O-O-O O-O-O 12. Rde1 Qf8 13. Qe2 Nb8 14. Ne5
Re8 15. g4 g5 16. Qf3 Qg7 17. e4 Nc6 18. Nxd7 Nxd7 19. exd5 Nxd4 20. Qe3 e5 21.
Bf5 Nxf5 22. gxf5 f6 23. Na4 Qe7 24. Rd1 Qd6 25. Rh3 e4 26. Qb3 b5 27. Nc3 Nc5
28. Qb4 h5 29. Re3 h4 30. Nxe4 Nxe4 31. Rxe4 Qxb4 32. Rxb4 Rd8 33. Re4 Rd6 34.
Re6 Kd7 35. b3 g4 36. c4 bxc4 37. bxc4 c5 38. dxc6+ 1-0

[Event "Open Aubagne 2022/2023"]
[Site "Aubagne"]
[Date "2023.01.07"]
[Round "4.8"]
[White "Hassaine, Rachid"]
[Black "Madi, Walid"]
[Result "0-1"]
[WhiteElo "1361"]
[BlackElo "1199"]
[PlyCount "74"]
[WhiteTeam "Cercle d'Echecs Aubagnais"]
[BlackTeam "Cercle d'Echecs Aubagnais"]

1. e4 c5 2. d4 cxd4 3. Bc4 Nf6 4. e5 Qa5+ 5. c3 Qxe5+ 6. Ne2 d5 7. cxd4 Qc7 8.
Bb3 e6 9. O-O Bd6 10. f4 Nc6 11. Nbc3 a6 12. Qe1 O-O 13. Bc2 Ne7 14. Bd2 b5 15.
Rc1 Qb6 16. a3 a5 17. Na2 Nc6 18. Be3 b4 19. Ba4 Ne7 20. Bf2 bxa3 21. bxa3 Bxa3
22. Rb1 Qd8 23. Bc2 Ba6 24. Bh4 Nc6 25. Rb3 Bxe2 26. Qxe2 Nxd4 27. Qd3 Nxc2 28.
Qxc2 Be7 29. Rh3 g6 30. f5 Ne4 31. fxg6 fxg6 32. Be1 Bc5+ 33. Bf2 Nxf2 34. Qxc5
Nxh3+ 35. gxh3 Qg5+ 36. Kh1 Rxf1+ 37. Qg1 Qxg1# 0-1

[Event "Open Aubagne 2022/2023"]
[Site "Aubagne"]
[Date "2023.01.07"]
[Round "4.10"]
[White "Moerenhout, Jean Claude"]
[Black "Leonti, Denis"]
[Result "0-1"]
[WhiteElo "1291"]
[BlackElo "1177"]
[PlyCount "120"]
[WhiteTeam "Cercle d'Echecs Aubagnais"]
[BlackTeam "Hay Chess"]

1. e4 e6 2. d4 d5 3. exd5 exd5 4. Nf3 Bf5 5. Nc3 Nf6 6. h3 Bb4 7. Bd2 O-O 8.
Be2 Nbd7 9. O-O c6 10. a3 Bd6 11. Re1 Qc7 12. Bd3 Bxd3 13. cxd3 Rfe8 14. Rc1
Rxe1+ 15. Bxe1 a6 16. Ne2 Re8 17. Bb4 Bxb4 18. axb4 Qb6 19. Qd2 h6 20. Ng3 Qd8
21. Nf5 Nf8 22. Nxh6+ gxh6 23. Qxh6 Ne6 24. Re1 Nc7 25. Ne5 Nh7 26. Re3 Qf6 27.
Rg3+ Kh8 28. Qh5 Re7 29. Qg4 Re8 30. Rf3 Qg7 31. Qd7 f6 32. Nf7+ Kg8 33. Rg3
Ng5 34. Qxc7 Qxf7 35. Qf4 Kf8 36. h4 Ne6 37. Qh6+ Ke7 38. Re3 Kd7 39. Rf3 Qg7
40. Qxf6 Qxf6 41. Rxf6 Nxd4 42. Rf7+ Re7 43. Rxe7+ Kxe7 44. g4 Kf6 45. Kg2 Ne6
46. Kg3 b6 47. f4 a5 48. bxa5 bxa5 49. g5+ Kg6 50. Kg4 Ng7 51. d4 a4 52. Kf3
Kf5 53. Ke3 Nh5 54. Kd3 Nxf4+ 55. Kc3 Kg4 56. Kb4 Kxh4 57. Kxa4 Kxg5 58. Kb4
Nd3+ 59. Kc3 Nxb2 60. Kxb2 Kf5 0-1

[Event "Open Aubagne 2022/2023"]
[Site "Aubagne"]
[Date "2023.01.07"]
[Round "4.11"]
[White "Vrillet, Loan"]
[Black "Rocchia, Alex"]
[Result "1-0"]
[WhiteElo "1199"]
[BlackElo "1238"]
[PlyCount "71"]
[WhiteTeam "Cercle d'Echecs Aubagnais"]
[BlackTeam "Cassis Echecs"]

1. e4 e5 2. Nf3 Nc6 3. d4 exd4 4. Nxd4 Bc5 5. Be3 Qf6 6. c3 Nge7 7. Bc4 O-O 8.
O-O a6 9. Nxc6 Qxc6 10. Qb3 Bxe3 11. fxe3 Qxe4 12. Bxf7+ Kh8 13. Rf3 Qh4 14.
Nd2 b5 15. Rh3 Qg5 16. Qc2 h6 17. Ne4 Qe5 18. Rh5 Nf5 19. Bg6 Bb7 20. Nf2 Bxg2
21. Rxf5 Rxf5 22. Qxf5 Qxf5 23. Bxf5 Bc6 24. Rd1 Re8 25. e4 d6 26. Kg2 Kg8 27.
Rd4 Re5 28. Kg3 Kf7 29. Nd3 Re7 30. Nb4 Bb7 31. Nd5 Bxd5 32. Rxd5 g6 33. Bc8
Rxe4 34. Bxa6 Ra4 35. Bxb5 Rxa2 36. Bc4 1-0

[Event "Open Aubagne 2022/2023"]
[Site "Aubagne"]
[Date "2023.01.07"]
[Round "4.12"]
[White "Normand, Christophe"]
[Black "Boudet, Nicole"]
[Result "1-0"]
[WhiteElo "1237"]
[BlackElo "1111"]
[PlyCount "93"]
[WhiteTeam "Club d'Echecs Pennois (CEP)"]
[BlackTeam "Club d'Echecs Pennois (CEP)"]

1. d4 Nf6 2. Bf4 e6 3. e3 d5 4. Nf3 Bd6 5. Bg3 O-O 6. Bd3 c5 7. c3 Qc7 8. Nbd2
Nbd7 9. e4 e5 10. dxe5 Nxe5 11. Nxe5 Bxe5 12. f3 dxe4 13. Nxe4 Nxe4 14. Bxe4 f5
15. Qd5+ Qf7 16. Qxf7+ Kxf7 17. Bd5+ Kf6 18. Bxe5+ Kxe5 19. c4 f4 20. O-O-O Rb8
21. Rde1+ Kf6 22. Re4 g5 23. h4 Bf5 24. hxg5+ Kxg5 25. Re7 Rfe8 26. Rxe8 Rxe8
27. Bf7 Re2 28. Rh5+ Kf6 29. Bg8 Rc2+ 30. Kd1 Rxg2 31. Bxh7 Bxh7 32. Rxh7 Rxb2
33. Rc7 Ke5 34. Rxc5+ Kd4 35. Rc7 Ke3 36. Kc1 Rxa2 37. Rxb7 Kxf3 38. c5 Ke3 39.
c6 f3 40. Rb3+ Ke2 41. Rxf3 Kxf3 42. c7 Kg2 43. c8=Q Kh1 44. Qc6+ Kg1 45. Qc5+
Kh1 46. Qd5+ Kg1 47. Qxa2 1-0

[Event "Open Aubagne 2022/2023"]
[Site "Aubagne"]
[Date "2023.01.07"]
[Round "4.15"]
[White "Beneddra, Nassim"]
[Black "Innocenti, Georges"]
[Result "1-0"]
[WhiteElo "1161"]
[BlackElo "1071"]
[PlyCount "73"]
[WhiteTeam "Echiquier Marseillais 1872"]
[BlackTeam "Cercle d'Echecs Aubagnais"]

1. e4 e5 2. Nf3 Nc6 3. Bc4 Nf6 4. Ng5 d5 5. exd5 Nxd5 6. Nxf7 Kxf7 7. Qf3+ Qf6
8. Bxd5+ Be6 9. Bxc6 Qxf3 10. Bxf3 c6 11. d3 Bd5 12. Bxd5+ cxd5 13. Nc3 Rd8 14.
O-O Be7 15. Re1 Bf6 16. Bd2 a6 17. Re2 Rd7 18. Rae1 Rc8 19. Rc1 d4 20. Ne4 Rc6
21. Nxf6 gxf6 22. c3 Rdc7 23. c4 b5 24. b3 Ke6 25. f4 Kd6 26. Bb4+ Kd7 27. fxe5
Re6 28. Rce1 fxe5 29. Rxe5 Rcc6 30. Rxe6 Rxe6 31. Rxe6 Kxe6 32. Kf2 bxc4 33.
bxc4 Kd7 34. Kf3 Kc7 35. Ke4 a5 36. Ba3 Kd7 37. Kxd4 1-0

[Event "Open Aubagne 2022/2023"]
[Site "Aubagne"]
[Date "2023.01.07"]
[Round "4.16"]
[White "Roman, Sylvian"]
[Black "Evrard, Nicolas"]
[Result "1-0"]
[WhiteElo "1272"]
[BlackElo "1304"]
[PlyCount "105"]
[WhiteTeam "Cercle d'Echecs Aubagnais"]
[BlackTeam "Salon Nostradamus"]

1. d4 Nf6 2. Bf4 g6 3. Nf3 Bg7 4. e3 O-O 5. Bd3 d6 6. h3 Nh5 7. Bh2 Re8 8. c3
Nd7 9. Nbd2 e5 10. e4 exd4 11. cxd4 Nf8 12. O-O Bh6 13. Bc2 Ne6 14. Re1 Ng5 15.
Nxg5 Qxg5 16. Nf3 Qd8 17. g4 Nf4 18. Bxf4 Bxf4 19. Kg2 b6 20. Ba4 Re7 21. Bc6
Rb8 22. Qc2 a6 23. Rad1 Bd7 24. e5 Bxc6 25. Qxc6 d5 26. Qf6 Bh6 27. Qh4 Bg7 28.
g5 Re6 29. Qf4 c5 30. h4 c4 31. Nh2 Qd7 32. Ng4 Qc7 33. Nf6+ Bxf6 34. gxf6 Qd8
35. h5 Qf8 36. Rh1 Rb7 37. Qg4 Qh6 38. f4 Kf8 39. hxg6 Qxg6 40. Kf3 Kg8 41. Rh5
Kf8 42. Rg5 Rxf6 43. Qc8+ Kg7 44. exf6+ Kxf6 45. Rxg6+ hxg6 46. Qxb7 b5 47.
Qxa6+ Kg7 48. Qxb5 c3 49. bxc3 Kf6 50. Qe8 Kg7 51. Rh1 g5 52. Qe5+ f6 53. Qe7+
1-0

[Event "Open Aubagne 2022/2023"]
[Site "Aubagne"]
[Date "2023.01.07"]
[Round "4.17"]
[White "Terlecki, Mae"]
[Black "Hovaguimian, Gerard"]
[Result "0-1"]
[WhiteElo "1009"]
[BlackElo "1400"]
[PlyCount "102"]
[WhiteTeam "La Ciotat Echecs (LCE)"]
[BlackTeam "Hay Chess"]

1. e4 c5 2. Nf3 d6 3. Bb5+ Nd7 4. Ba4 e5 5. O-O Ngf6 6. Nc3 a6 7. Bb3 b5 8. a3
Bb7 9. d3 Be7 10. a4 b4 11. Ne2 Nh5 12. Be3 O-O 13. a5 Kh8 14. c3 bxc3 15. bxc3
Rb8 16. Ba4 Rg8 17. c4 Nf8 18. Qb3 Bxe4 19. dxe4 Rxb3 20. Bxb3 h6 21. Ra2 Nf6
22. Nc3 Qa8 23. Bc2 Ne6 24. Rb1 Nd4 25. Bd1 Rb8 26. Rab2 Rxb2 27. Rxb2 Nxe4 28.
Na4 Bd8 29. Ne1 Bxa5 30. Nb6 Qc6 31. Nd3 Bxb6 32. Ra2 Qc8 33. h3 Nc3 34. Ra1
Nxd1 35. Rxd1 f5 36. Bd2 Qe6 37. Nb2 f4 38. Rc1 Ne2+ 39. Kf1 Nxc1 40. Bxc1 Ba5
41. Kg1 Bc3 42. Na4 Qxc4 43. Nb6 Qb3 44. Nd7 Qb1 45. Kh2 Qxc1 46. g3 fxg3+ 47.
Kxg3 Qf4+ 48. Kg2 Bd4 49. Nb6 Qxf2+ 50. Kh1 Qf1+ 51. Kh2 Qg1# 0-1

[Event "Open Aubagne 2022/2023"]
[Site "Aubagne"]
[Date "2023.01.07"]
[Round "4.19"]
[White "Ravel, Paul"]
[Black "Cotton, Paul"]
[Result "0-1"]
[WhiteElo "1099"]
[BlackElo "1306"]
[PlyCount "28"]
[WhiteTeam "La Ciotat Echecs (LCE)"]
[BlackTeam "Cercle d'Echecs Aubagnais"]

1. e4 c5 2. Nf3 d6 3. Bb5+ Bd7 4. Bc4 b5 5. Bd5 Nc6 6. Bxc6 Bxc6 7. O-O Bxe4 8.
Ng5 Bb7 9. Nc3 b4 10. Nb5 a6 11. Nxd6+ Qxd6 12. Ne4 Qc6 13. d3 f5 14. Ng5 Qxg2#
0-1

[Event "Open Aubagne 2022/2023"]
[Site "Aubagne"]
[Date "2023.01.07"]
[Round "4.20"]
[White "Rescanieres, Alice"]
[Black "Duconseille, Doriane"]
[Result "1-0"]
[WhiteElo "1301"]
[BlackElo "1112"]
[PlyCount "39"]
[WhiteTeam "Cassis Echecs"]
[BlackTeam "Echiquier Marseillais 1872"]

1. e4 c5 2. Nc3 Nc6 3. f4 e6 4. Nf3 d5 5. exd5 exd5 6. Bb5 Nge7 7. O-O a6 8.
Bxc6+ Nxc6 9. Ne5 Qc7 10. Qe2 Be6 11. Nxc6 Qxc6 12. f5 d4 13. fxe6 fxe6 14. Ne4
O-O-O 15. Ng5 Re8 16. Rf7 h6 17. Nf3 g5 18. Ne5 Qd5 19. Qf3 Qxe5 20. Qxb7+ 1-0

[Event "Open Aubagne 2022/2023"]
[Site "Aubagne"]
[Date "2023.01.07"]
[Round "4.22"]
[White "Tramarin, Lucas"]
[Black "Gregot, Adrien"]
[Result "1-0"]
[WhiteElo "1221"]
[BlackElo "1099"]
[PlyCount "41"]
[WhiteTeam "Cercle d'Echecs Aubagnais"]
[BlackTeam "La Ciotat Echecs (LCE)"]

1. d4 d5 2. Nf3 Nc6 3. Bg5 h6 4. Bh4 Bg4 5. h3 Bxf3 6. exf3 Nf6 7. c3 e6 8. Bd3
Be7 9. O-O O-O 10. Nd2 Qd7 11. Rc1 Ne8 12. Bxe7 Qxe7 13. Re1 Nd6 14. Nb3 b6 15.
Bb1 e5 16. dxe5 Nxe5 17. f4 Nf3+ 18. Qxf3 Qd7 19. Qxd5 c6 20. Qd3 c5 21. Qh7#
1-0

[Event "Open Aubagne 2022/2023"]
[Site "Aubagne"]
[Date "2023.01.07"]
[Round "4.23"]
[White "Batel, Aedann"]
[Black "Lognos, Lina"]
[Result "1-0"]
[WhiteElo "1199"]
[BlackElo "1009"]
[PlyCount "64"]
[WhiteTeam "La Ciotat Echecs (LCE)"]
[BlackTeam "Cercle d'Echecs Aubagnais"]

1. e4 c5 2. Nf3 d6 3. d4 cxd4 4. Nxd4 Nf6 5. Nc3 a6 6. Bd3 e5 7. Nb3 Be7 8. O-O
O-O 9. Bg5 Nbd7 10. Nd5 Nxd5 11. Bxe7 Qxe7 12. exd5 Nf6 13. c4 e4 14. Re1 Bf5
15. Nd4 Bd7 16. Qc2 Qe5 17. Nf3 Qf4 18. Bxe4 Rfe8 19. Bd3 Bg4 20. g3 Qh6 21.
Nh4 g6 22. Qc3 Rxe1+ 23. Rxe1 Qg7 24. c5 Nxd5 25. Qc4 Nf6 26. cxd6 Nd7 27. Qxg4
Nf6 28. Qb4 b5 29. Be4 Re8 30. Bc6 Rxe1+ 31. Qxe1 Qf8 32. Qe7 Qe8 1-0

[Event "Open Aubagne 2022/2023"]
[Site "Aubagne"]
[Date "2023.01.07"]
[Round "4.24"]
[White "Pegon, Claude"]
[Black "Belaid, Myriam"]
[Result "0-1"]
[WhiteElo "1058"]
[BlackElo "1199"]
[PlyCount "60"]
[WhiteTeam "Cassis Echecs"]
[BlackTeam "Cercle d'Echecs Aubagnais"]

1. e4 d6 2. Nf3 Nf6 3. Nc3 c6 4. a3 Nbd7 5. b4 b5 6. g3 e5 7. h3 h6 8. Bg2 Be7
9. O-O O-O 10. d3 Bb7 11. d4 Qc7 12. d5 c5 13. Nxb5 Qb6 14. Qd3 Ba6 15. a4 cxb4
16. Be3 Nc5 17. Qc4 Qa5 18. Nd2 Nxa4 19. Nb3 Qxb5 20. Qc6 Rfc8 21. Qxb5 Bxb5
22. Rfc1 Nc3 23. Bf3 Be2 24. Kg2 Bxf3+ 25. Kxf3 Nfxe4 26. Nd2 Ng5+ 27. Kg4 Ne2
28. Re1 Nc3 29. f3 g6 30. h4 h5# 0-1

[Event "Open Aubagne 2022/2023"]
[Site "Aubagne"]
[Date "2023.01.07"]
[Round "4.25"]
[White "Turpin, Isabelle"]
[Black "Periale, Francine"]
[Result "1-0"]
[WhiteElo "1115"]
[BlackElo "1009"]
[PlyCount "69"]
[WhiteTeam "Cercle d'Echecs Aubagnais"]
[BlackTeam "Cercle d'Echecs Aubagnais"]

1. Nf3 Nf6 2. c4 e6 3. Nc3 g6 4. e4 c5 5. e5 Ng4 6. h3 Nh6 7. Bd3 Bg7 8. g4 g5
9. Qc2 Nc6 10. Bxh7 Nd4 11. Nxd4 cxd4 12. Nb5 Bxe5 13. Qd3 Qf6 14. Be4 b6 15.
Bxa8 Ba6 16. a4 d6 17. Bc6+ Ke7 18. b3 Rg8 19. Nc7 Bc8 20. a5 a6 21. axb6 Bd7
22. Bb7 Rb8 23. Qe4 Qf4 24. Rxa6 Qxe4+ 25. Bxe4 f5 26. gxf5 exf5 27. Bd5 Bc8
28. Ra8 Bb7 29. Rxb8 Bxd5 30. Nxd5+ Ke6 31. b7 f4 32. d3 Nf5 33. Re8+ Ne7 34.
Rxe7+ Kf5 35. b8=Q 1-0

[Event "Open Aubagne 2022/2023"]
[Site "Aubagne"]
[Date "2023.01.07"]
[Round "4.26"]
[White "Genta, Noam"]
[Black "Roux, Jean-Marie"]
[Result "0-1"]
[WhiteElo "1009"]
[BlackElo "1259"]
[PlyCount "106"]
[WhiteTeam "La Ciotat Echecs (LCE)"]
[BlackTeam "L'Echiquier du Roy René"]

1. e4 e5 2. Nf3 Nc6 3. Nc3 Nf6 4. Bc4 Be7 5. Ng5 O-O 6. O-O d6 7. h3 h6 8. Nf3
Be6 9. Bxe6 fxe6 10. d3 d5 11. Ne1 Nd4 12. Qd2 Nh5 13. Ne2 Nc6 14. Ng3 Nf4 15.
Qe3 Bg5 16. Qf3 Nd4 17. Qg4 Qe7 18. Be3 dxe4 19. Nxe4 Rf7 20. c3 Nf5 21. d4
Nxe3 22. fxe3 Ng6 23. Rxf7 Bxe3+ 24. Rf2 Bxf2+ 25. Nxf2 Rf8 26. Qxg6 exd4 27.
cxd4 Qb4 28. Ned3 Qxd4 29. Qxe6+ Kh8 30. Rf1 c5 31. Ne5 Kh7 32. Qg6+ Kg8 33.
Qe6+ Kh7 34. Kh1 Rxf2 35. Rxf2 Qxf2 36. Qg6+ Kg8 37. Qe6+ Kh7 38. Ng6 Qc2 39.
Nf8+ Kh8 40. g4 Qc1+ 41. Kh2 Qf4+ 42. Kg1 Qxf8 43. Qd5 b6 44. Qh1 Qf6 45. b3
Qa1+ 46. Kg2 Qxa2+ 47. Kg3 Qxb3+ 48. Kh4 Qe6 49. Qf3 Qf6+ 50. Qxf6 gxf6 51. Kh5
Kg7 52. h4 c4 53. g5 fxg5 0-1

[Event "Open Aubagne 2022/2023"]
[Site "Aubagne"]
[Date "2023.01.22"]
[Round "5.1"]
[White "Richard, Anthony"]
[Black "Roganova, Maxime"]
[Result "1-0"]
[WhiteElo "1400"]
[BlackElo "1601"]
[PlyCount "75"]
[WhiteTeam "L'Echiquier du Roy René"]
[BlackTeam "Cercle d'Echecs Aubagnais"]

1. c4 Nf6 2. Nc3 g6 3. Nf3 Bg7 4. g3 d6 5. Bg2 O-O 6. O-O e5 7. d3 a5 8. Bg5 h6
9. Be3 Ng4 10. Bd2 f5 11. Qc1 Kh7 12. h3 Nf6 13. h4 Nh5 14. Bh3 c6 15. Kg2 Na6
16. Be3 f4 17. Bd2 Bxh3+ 18. Kxh3 fxg3 19. fxg3 Qd7+ 20. g4 Nf4+ 21. Bxf4 Rxf4
22. Nh2 Raf8 23. Qe3 Nc5 24. Rf3 Rxf3+ 25. Nxf3 Rf4 26. Rg1 Qd8 27. d4 Rxd4 28.
Nxd4 exd4 29. Qf3 dxc3 30. bxc3 Qf6 31. Rd1 Qe5 32. Rd2 Ne4 33. Rd3 Nxc3 34.
Re3 Qd4 35. Re7 d5 36. cxd5 cxd5 37. h5 Qb6 38. Qf7 1-0

[Event "Open Aubagne 2022/2023"]
[Site "Aubagne"]
[Date "2023.01.21"]
[Round "5.2"]
[White "Cescon, Moreno"]
[Black "Ghazarian, David"]
[Result "1/2-1/2"]
[WhiteElo "1621"]
[BlackElo "1575"]
[PlyCount "114"]
[WhiteTeam "Club d'Echecs Pennois (CEP)"]
[BlackTeam "Cercle d'Echecs Aubagnais"]

1. e4 b6 2. d4 Bb7 3. Bd3 e6 4. Nf3 c5 5. c3 d6 6. O-O Be7 7. Bf4 Nf6 8. Re1
O-O 9. Nbd2 Nc6 10. Nf1 cxd4 11. cxd4 Nb4 12. Bb1 Rc8 13. a3 Na6 14. Ng3 Nc7
15. Qd3 Ba6 16. Qd2 Bb7 17. h3 Nd7 18. Bd3 Kh8 19. Rac1 f6 20. Bb1 e5 21. Be3
d5 22. exd5 Nxd5 23. Nf5 Rxc1 24. Rxc1 Nxe3 25. Qxe3 Re8 26. dxe5 Bc5 27. Qb3
Bxf3 28. Qxf3 Nxe5 29. Qb7 Bxf2+ 30. Kh2 Qd7 31. Qxd7 Nxd7 32. Rc7 Rd8 33. Rxa7
g6 34. Nd6 Ne5 35. Ne4 Bh4 36. g3 Bg5 37. h4 Bh6 38. Nxf6 Bg7 39. Ne4 Nf3+ 40.
Kg2 Nd2 41. Nxd2 Rxd2+ 42. Kf3 Bxb2 43. h5 Rd1 44. h6 Kg8 45. Ba2+ Kf8 46. Rxh7
Rd3+ 47. Kg4 Rxa3 48. Be6 Be5 49. Rf7+ Ke8 50. Rf3 Rxf3 51. Kxf3 Ke7 52. Bb3
Kf6 53. Kg4 b5 54. Kh4 g5+ 55. Kg4 Kg6 56. h7 Kxh7 57. Kxg5 Bxg3 1/2-1/2

[Event "Open Aubagne 2022/2023"]
[Site "Aubagne"]
[Date "2023.01.22"]
[Round "5.4"]
[White "Normand, Christophe"]
[Black "Mouhieddine, Hocine"]
[Result "0-1"]
[WhiteElo "1237"]
[BlackElo "1607"]
[PlyCount "160"]
[WhiteTeam "Club d'Echecs Pennois (CEP)"]
[BlackTeam "Echiquier Marseillais 1872"]

1. e4 d5 2. exd5 Qxd5 3. Nc3 Qa5 4. Nf3 Nf6 5. d4 c6 6. Bd2 Bf5 7. Ne4 Qd8 8.
Nxf6+ exf6 9. Bc4 Bd6 10. Qe2+ Qe7 11. Qxe7+ Bxe7 12. c3 O-O 13. O-O Be6 14.
Bd3 Bd6 15. Rfe1 Nd7 16. h3 Rfe8 17. Nh4 Nb6 18. b3 c5 19. dxc5 Bxc5 20. Be4
Rad8 21. Nf3 Bc8 22. Re2 f5 23. Bd3 Kf8 24. Rae1 Rxe2 25. Bxe2 Bd7 26. c4 Bc6
27. Bc3 f6 28. Ba5 Re8 29. Kf1 Nc8 30. Bd1 Be4 31. Bc7 Bb4 32. Re3 Re7 33. Bf4
g5 34. Nxg5 fxg5 35. Bxg5 Rd7 36. Bh6+ Ke8 37. Bh5+ Kd8 38. Rg3 Kc7 39. Bf4+
Bd6 40. Bxd6+ Nxd6 41. c5 Nf7 42. Rg7 Ne5 43. Rxd7+ Kxd7 44. Be2 Kc6 45. b4 a6
46. f4 Nd3 47. Bxd3 Bxd3+ 48. Kf2 Kb5 49. Ke3 Kc4 50. a3 Bb1 51. g4 Bc2 52. g5
Bd1 53. h4 Kb3 54. a4 Kxb4 55. Kd4 Bg4 56. a5 Kxa5 57. Ke5 Kb5 58. Kf6 Bh5 59.
Kxf5 a5 60. Kf6 a4 61. Kg7 a3 62. Kxh7 a2 63. g6 Bxg6+ 64. Kxg6 a1=Q 65. h5
Kxc5 66. f5 Kd6 67. h6 Qg1+ 68. Kf7 Qa1 69. f6 Qa2+ 70. Kg7 Qg2+ 71. Kf7 Qd5+
72. Kg7 Qg5+ 73. Kf7 Qxh6 74. Ke8 Qg6+ 75. f7 Ke6 76. Kd8 Qxf7 77. Kc8 Kd6 78.
Kb8 Kc6 79. Ka7 b5+ 80. Ka6 Qa2# 0-1

[Event "Open Aubagne 2022/2023"]
[Site "Aubagne"]
[Date "2023.01.21"]
[Round "5.5"]
[White "Leonti, Denis"]
[Black "Espanet, Fabien"]
[Result "0-1"]
[WhiteElo "1177"]
[BlackElo "1509"]
[PlyCount "66"]
[WhiteTeam "Hay Chess"]
[BlackTeam "Cercle d'Echecs Aubagnais"]

1. e4 e5 2. Nf3 Nf6 3. Nxe5 d6 4. Nf3 Nxe4 5. Nc3 Nxc3 6. dxc3 d5 7. Bd3 Bd6 8.
Be3 Be6 9. O-O h6 10. Re1 O-O 11. Qd2 Qf6 12. Bd4 Qe7 13. Be3 f5 14. Bxh6 gxh6
15. Qxh6 Rf6 16. Qg5+ Qg7 17. Qxg7+ Kxg7 18. Ng5 Bd7 19. Re2 Nc6 20. Rae1 Rg6
21. Nf3 Kf7 22. Nh4 Rh6 23. g3 Rah8 24. f4 Bxf4 25. Nxf5 Bxf5 26. Bxf5 Be5 27.
Bd7 Bd6 28. Rf1+ Rf6 29. Be6+ Kg7 30. Rxf6 Kxf6 31. Bxd5 Ne5 32. Rf2+ Ke7 33.
Bxb7 Bc5 0-1

[Event "Open Aubagne 2022/2023"]
[Site "Aubagne"]
[Date "2022.10.08"]
[Round "5.6"]
[White "Madi, Walid"]
[Black "Madi, Chahinez"]
[Result "1/2-1/2"]
[WhiteElo "1199"]
[BlackElo "1488"]
[PlyCount "68"]
[WhiteTeam "Cercle d'Echecs Aubagnais"]
[BlackTeam "Cercle d'Echecs Aubagnais"]

1. d4 Nf6 2. c4 g6 3. Nc3 Bg7 4. Nf3 d6 5. e4 Nc6 6. d5 Nb8 7. Be3 O-O 8. Be2
Re8 9. h3 e6 10. Qc2 exd5 11. cxd5 a6 12. a4 Qe7 13. Bd3 Nbd7 14. b4 Ne5 15.
Nxe5 Qxe5 16. Rc1 Bd7 17. O-O Nh5 18. Ne2 Rac8 19. f4 Qe7 20. Rf3 Nf6 21. Nc3
c6 22. Qb3 cxd5 23. Nxd5 Rxc1+ 24. Bxc1 Nxd5 25. exd5 Rc8 26. Bd2 Qf6 27. a5
Qd4+ 28. Kh2 Bh6 29. Kh1 Bb5 30. Kh2 Bxd3 31. Qxd3 Rc4 32. g3 Bg7 33. Kg2 Kf8
34. Re3 Qxd3 1/2-1/2